000 02333nam a2200433 c 4500
003 BLK
005 20210203133039.0
008 180408b bul|||||r ||||||| ||bul||
010 _aKNG00097895000
020 _a954-91222-7-9
_bиздат.: Бълг. о-во за мултимедийно изкуство - на том(кн. 4)
040 _aBLK
041 _aBUL
_cBUL
072 7 _2bullib
_aН92
_xИстория Н
080 _aПаметници на културата на историческите периоди. Археологическите паметници. Старини
_b904
_x(497.2=919.885)
_z904(497.2=919.885)
080 _aБългарска литература
_b821.163.2
_x-311.6
_z821.163.2-311.6
100 1 _aДетев, Петър Йорданов
_eпърви автор
_9284280
700 1 _aДетев, Йордан Петров
_eсъавт.
_9368720
700 1 _aДетев, Йордан Петров
_eавт. на том
_9368720
139 _aДетев, Петър Йорданов и др.
_bД 45
245 1 0 _aТракийската Атлантида
_bПрародината на траките : Кн. 1 - За том: Ист. роман за изчезналия Стар свят
_cПетър Йорданов Детев; съавт. Йордан Петров Детев; авт. на том Йордан Петров Детев.
_nКн. 4
_pКраят на Тракийската Атлантида
257 _aBGR
260 София
_c2002 -
_fСофия : Инфопрес
_fЗа том: София : Славейков
300 _c24 см
380 _a9
500 _aОфс. изд.
650 4 _aТракия - старини
_9271948
651 4 _aДревна Тракия
_9245252
653 _aТракия
653 _aАтлантида
653 _aтраки
653 _aисторически романи
659 _aН
760 1 _3- на том(кн. 4)
_aДетев, Петър Йорданов
_dБълг. о-во за мултимедийно изкуство, 2009
_h304 с.
_n1 000 тир.
_tКн. 4 Краят на Тракийската Атлантида
852 _aЦб 216532
856 4 _qpdf
_u
856 4 _qpdf
_u
942 _cKNG
_n0
_01
944 _aCR
_c08.11.2010
_lф /
_kЛюдмила_Стоянова
944 _aED
_c06.04.2017
_lф /
_kВиолета_Тройчева
999 _c93106
_d93106